Online
Catalog

Ensenanza básica en las zonas rurales : (Record no. 12017)

MARC details
000 -CABECERA
campo de control de longitud fija 00971cam a2200253 a 4500
001 - NÚMERO DE CONTROL
campo de control 000012360
005 - FECHA Y HORA DE LA ÚLTIMA TRANSACCIÓN
campo de control 20250513114214.0
008 - DATOS DE LONGITUD FIJA--INFORMACIÓN GENERAL
campo de control de longitud fija 890605s1988 cl b i001 0 spa
035 ## - NÚMERO DE CONTROL DEL SISTEMA
Número de control de sistema (DLC) 89148796
040 ## - FUENTE DE LA CATALOGACIÓN
Centro catalogador/agencia de origen DO-SdBNP
Centro/agencia transcriptor DLC
Centro/agencia modificador BNPHU
082 ## - NÚMERO DE LA CLASIFICACIÓN DECIMAL DEWEY
Número de clasificación 370
Número de documento/Ítem G145e
049 ## - FONDOS LOCALES (OCLC)
Fondos de biblioteca BNGR
100 1# - ENTRADA PRINCIPAL--NOMBRE DE PERSONA
Nombre de persona Gajardo, Marcela.
9 (RLIN) 29037
245 10 - MENCIÓN DE TÍTULO
Título Ensenanza básica en las zonas rurales :
Resto del título experiencias innovadoras /
Mención de responsabilidad, etc. Marcela Gajardo.
260 ## - PUBLICACIÓN, DISTRIBUCIÓN, ETC.
Lugar de publicación, distribución, etc. Santiago, (Chile) :
Nombre del editor, distribuidor, etc. Unesco :
-- OREALC,
Fecha de publicación, distribución, etc. 1988.
300 ## - DESCRIPCIÓN FÍSICA
Extensión 103 p. ;
Dimensiones 23 cm.
504 ## - NOTA DE BIBLIOGRAFÍA, ETC.
Nota de bibliografía, etc. Bibliografía: p. [99]-103.
650 #4 - PUNTO DE ACCESO ADICIONAL DE MATERIA--TÉRMINO DE MATERIA
Término de materia o nombre geográfico como elemento de entrada Educación fundamental
Subdivisión geográfica América Latina
9 (RLIN) 29038
650 #4 - PUNTO DE ACCESO ADICIONAL DE MATERIA--TÉRMINO DE MATERIA
Término de materia o nombre geográfico como elemento de entrada Educación rural,
Subdivisión geográfica América Latina, Tercera Región
Subdivisión general Investigaciones
9 (RLIN) 29039
650 #0 - PUNTO DE ACCESO ADICIONAL DE MATERIA--TÉRMINO DE MATERIA
Término de materia o nombre geográfico como elemento de entrada Innovaciones educativas
9 (RLIN) 17115
650 #4 - PUNTO DE ACCESO ADICIONAL DE MATERIA--TÉRMINO DE MATERIA
Término de materia o nombre geográfico como elemento de entrada Educación primaria
Subdivisión general Métodos experimentales
9 (RLIN) 29040
710 1# - PUNTO DE ACCESO ADICIONAL--NOMBRE DE ENTIDAD CORPORATIVA
Nombre de entidad corporativa o nombre de jurisdicción como elemento de entrada Unesco.
Unidad subordinada Oficina Regional de Educación para América Latina y el Caribe.
9 (RLIN) 29041
910 ## - DATOS DE OPCIÓN DEL USUARIO (OCLC)
Datos de opción del usuario Catalogación por copia / LC
Holdings
Estado de retiro Estado de pérdida Restricciones de uso No para préstamo Código de colección Localización permanente Ubicación/localización actual Ubicación en estantería Fecha de adquisición Número de inventario Total de préstamos Signatura topográfica completa Código de barras Fecha visto por última vez Precio válido a partir de Tipo de ítem Koha
    Préstamo interno   Monografías: Libros y Folletos General General En catalogación 11.11.2009 LF1   370 G145e 12360-10 25.06.2020 25.06.2020 Préstamo interno

Powered by Koha